| 000 | 00897nam a2200229 a 4500 | ||
|---|---|---|---|
| 001 | 69313 | ||
| 003 | BD-RjUL | ||
| 005 | 20211209081854.0 | ||
| 008 | 750606s1957 enka b 101 0 eng | ||
| 035 | _a(BD-RjUL)69524 | ||
| 040 |
_aDLC _cGAT _dOCoLC _dUk _dDLC _dBD-RjUL _beng |
||
| 041 | _aeng | ||
| 082 |
_223 _a622.7 _bINE 1957 |
||
| 110 | 2 |
_aInstitution of Mining and Metallurgy (Great Britain) _9205355 |
|
| 245 | 1 | 0 |
_aExtraction and refining of the rarer metals : _ba Symposium on Extraction Metallurgy of Some of the Less Common Metals / _cInstitution of Mining and Metallurgy (Great Britain) |
| 260 |
_aLondon : _bThe Institute of Mining and Metallurgy, _c1957. |
||
| 300 |
_axiii, 444 p. _bill. ; _c23 cm. |
||
| 504 | _aIncludes bibliographies and index | ||
| 650 | 0 |
_aOre-dressing _xSocieties, etc. _9205348 |
|
| 650 | 0 |
_aRare earth metals _xMetallurgy _vCongresses. _9205349 |
|
| 942 |
_2ddc _cBK |
||
| 999 |
_c69313 _d69313 |
||